000 01699cam a2200157 4500500
005 20260329040426.0
041 _afre
042 _adc
100 1 0 _aD’Herbemont, Olivier
_eauthor
700 1 0 _aKrob, Daniel
_eauthor
700 1 0 _aBloch, Alain
_eauthor
245 0 0 _aBooster l'intelligence collective : La stratégie agile de transformation durable des organisations
260 _bArmand Colin,
_c2012.
520 _aPour lui permettre de survivre dans un univers en soudaine mutation, l’entreprenant s’est donné pour mission de transformer son organisation. Cet entreprenant courageux est le héros de ce livre: il n’a pas seulement l’idée d’un avenir meilleur, il a surtout l’intention de le construire. Là, les choses se corsent, car il a en face de lui une organisation intelligente, organisée hiérarchiquement qui peut se mobiliser en sa faveur, ou au contraire lui mettre des bâtons dans les roues. Le présent ouvrage lui propose une méthode opérationnelle pour booster l’intelligence de son organisation et sauter ainsi l’obstacle qui paraissait insurmontable. Ce livre révèle une «magie»: l’architecture collaborative des organisations (ACO). Elle s’appuie sur les acquis des sciences politiques et des méthodes d’architecture de systèmes organisationnels. Illustrant son propos par de nombreux cas réels, expliqués grâce à l’architecture collaborative des organisations, Olivier d’Herbemont nous fait découvrir une voie nouvelle dans cette quête du graal que constitue la transformation des organisations.
856 4 1 _uhttps://shs.cairn.info/booster-lintelligence-collective--9782200277406?lang=fr&redirect-ssocas=7080
999 _c1972137
_d1972137